000 00620nam a2200205Ia 4500
003 OSt
005 20220831132049.0
008 220831b |||||||| |||| 00| 0 eng d
020 _a0313284652
040 _cIFM Library
082 _a368.38200973
100 _aMills, Miriam K. ed.
_98712
245 _aHealth Insurance and Public Policy
260 _aLondon:
_bGreenwood Press,
_c1992
300 _axxi, 225 p. :
_bill. ; 24 cm.
500 _aIncludes bibliographical references and index
650 _aInsurance Health - Government Policy - US
_92619
700 _aBlank, Robert H. ed.
_98713
942 _cBK
_2ddc
_n0
999 _c7934
_d7934